000
00211nam a2200121Ia 4500
100
_a
#N/A
650
_a
Computers
942
_c
BK
654
_a
nivio
245
_a
NIVIO
260
_b
#N/A
546
_a
ENGLISH
999
_c
23701
_d
23701